LEADER 01165nam2-2200385---450- 001 990002874540203316 005 20070302112920.0 035 $a000287454 035 $aUSA01000287454 035 $a(ALEPH)000287454USA01 035 $a000287454 100 $a20070302d1950----km-y0itay50------ba 101 $afre 102 $aFR 105 $a||||||||001yy 200 1 $aJacques Vingtras$fJules Valles 210 $aParis$cLes editeurs français reunis$d[c1950] 215 $av.$d19 cm 327 1 $a : Le proscrit : correspondance avec Arthur Arnould / avec preface et notes de Lucien Scheler, 243 p. 410 0$12001 454 1$12001 461 1$1001000287452$12001$a<> oeuvres de Jules Valles 517 $a<> proscrit 600 0 $aVALLES, JULES$xLETTERE A ARTHUR ARNOULD$z1852-1880 676 $a944.0812092 700 1$aVALLE,$bJules$0596029 702 1$aSCHELER,$bLucien 801 0$aIT$bsalbc$gISBD 912 $a990002874540203316 951 $aXV.5. 357/4$b196923 LM$cXV.5. 959 $aBK 969 $aFG 979 $aSENATORE$b90$c20070302$lUSA01$h1129 996 $aJacques Vingtras$9991474 997 $aUNISA LEADER 01926oam 2200517M 450 001 9910715751303321 005 20191123063220.7 035 $a(CKB)5470000002514562 035 $a(OCoLC)1065973818 035 $a(OCoLC)995470000002514562 035 $a(EXLCZ)995470000002514562 100 $a20070221d1850 ua 0 101 0 $aeng 135 $aurcn||||||||| 181 $ctxt$2rdacontent 182 $cc$2rdamedia 183 $acr$2rdacarrier 200 10$aDonation of public lands. Resolutions of the Legislature of New York, relative to a grant of land to the Hungarian exiles and others. January 28, 1850. Referred to the Committee on Public Lands, and ordered to be printed 210 1$a[Washington, D.C.] :$c[publisher not identified],$d1850. 215 $a1 online resource (1 page) 225 1 $aMis. doc. / 31st Congress, 1st session. House ;$vno. 23 225 1 $a[United States congressional serial set ] ;$v[serial no. 581] 300 $aBatch processed record: Metadata reviewed, not verified. Some fields updated by batch processes. 300 $aFDLP item number not assigned. 606 $aLand grants 606 $aResolutions, Legislative 606 $aPublic lands 606 $aHungarians 606 $aImmigrants 606 $aPoor 608 $aLegislative materials.$2lcgft 615 0$aLand grants. 615 0$aResolutions, Legislative. 615 0$aPublic lands. 615 0$aHungarians. 615 0$aImmigrants. 615 0$aPoor. 712 02$aNew York. 801 0$bWYU 801 1$bWYU 801 2$bOCLCO 801 2$bOCLCQ 906 $aBOOK 912 $a9910715751303321 996 $aDonation of public lands. Resolutions of the Legislature of New York, relative to a grant of land to the Hungarian exiles and others. January 28, 1850. Referred to the Committee on Public Lands, and ordered to be printed$93343928 997 $aUNINA